| 000 | 00583nam a2200181 a 4500 | ||
|---|---|---|---|
| 008 | 120416s1966 ||||||||||||||||| || u | ||
| 050 | _aJC 481 Fri | ||
| 100 | _aFriedrich, Carl J | ||
| 245 | 1 | 0 | _aTotalitarian dictatorship and autocracy |
| 250 | _a2nd ed. | ||
| 260 |
_aNew York _bPraeger _c1966 |
||
| 300 | _axvi, 439p. | ||
| 350 | _a0.00 | ||
| 650 | _aPOLITICS | ||
| 650 | _aDICTATORSHIP | ||
| 650 | _aTotalitarianism | ||
| 995 |
_D0.00 _FCBU-MAIN LIBRARY (Kitwe) _H1 _I0.00 _M1 _UAVAILABLE _ZMain Library Open Access Collection |
||
| 999 |
_c60012 _d60012 |
||